[Event "BL 1314 Bayern München - Werder Bremen"]
[Site "?"]
[Date "2013.12.15"]
[Round "6.6"]
[White "Meister, Peter"]
[Black "Bluebaum, Matthias"]
[Result "1/2-1/2"]
[WhiteElo "2403"]
[BlackElo "2518"]
[PlyCount "54"]
[EventDate "2013.??.??"]

1. d4 d5 2. c4 c6 3. Nf3 Nf6 4. e3 Bf5 5. Nc3 e6 6. Nh4 Be4 7. f3 Bg6 8. a3
Nbd7 9. g3 Qc7 10. Nxg6 hxg6 11. f4 dxc4 12. Bxc4 a6 13. Bf1 c5 14. Bg2 cxd4
15. exd4 Nb6 16. Qf3 Nbd5 17. O-O Be7 18. g4 Nxc3 19. bxc3 Nd5 20. Bd2 g5 21.
fxg5 Qxh2+ 22. Kf2 Qc7 23. a4 Kd7 24. Rh1 Qc4 25. Qe2 Qc7 26. Qf3 Qc4 27. Qe2
Qc7 1/2-1/2

[Event "BL 1314 Bayern München - Werder Bremen"]
[Site "?"]
[Date "2013.12.15"]
[Round "6.7"]
[White "Meins, Gerlef"]
[Black "Fedorovsky, Michael"]
[Result "1/2-1/2"]
[WhiteElo "2463"]
[BlackElo "2382"]
[PlyCount "163"]
[EventDate "2013.??.??"]

1. d4 d5 2. c4 e6 3. Nf3 Nf6 4. g3 dxc4 5. Bg2 Nc6 6. Qa4 Bb4+ 7. Bd2 Nd5 8.
Bxb4 Ndxb4 9. O-O Rb8 10. Nc3 a6 11. Ne5 O-O 12. Nxc6 Nxc6 13. Bxc6 bxc6 14.
Qxc4 Qd6 15. Ne4 Qd5 16. Qc2 Qxd4 17. b3 e5 18. Rfd1 Qb4 19. Rac1 Rb5 20. Nc5
Bf5 21. Qc3 Qxc3 22. Rxc3 a5 23. f3 f6 24. Kf2 Re8 25. e4 Bc8 26. Ke3 Kf7 27.
Na4 Bb7 28. Rd7+ Re7 29. Rd2 Re8 30. Rc4 Ke7 31. Nc5 Bc8 32. Na4 Bb7 33. Nc3
Rb4 34. Rc5 Ra8 35. Na4 Rb5 36. Rc4 Rd8 37. Rxd8 Kxd8 38. Nb2 Ke7 39. Ra4 Bc8
40. Nc4 Be6 41. Nxa5 Kd6 42. Nc4+ Bxc4 43. Rxc4 c5 44. Kd3 Ra5 45. Ra4 Rb5 46.
Kc4 Rb6 47. a3 Kd7 48. Ra8 Rd6 49. Rg8 g5 50. Rg7+ Kc6 51. g4 Rd2 52. Rf7 Rc2+
53. Kd3 Rxh2 54. Rxf6+ Kb5 55. Kc3 c6 56. a4+ Kb6 57. Rf5 Rf2 58. Rxg5 Rxf3+
59. Kc4 Rf4 60. Rxe5 Rxg4 61. a5+ Kxa5 62. Kxc5 h5 63. Kxc6+ Kb4 64. Kd5 Rh4
65. Rf5 Rh1 66. e5 h4 67. Rf2 h3 68. Ke6 Rg1 69. Kf7 Rg2 70. Rf4+ Kc5 71. e6 h2
72. Rh4 Kd6 73. e7 Rf2+ 74. Ke8 Re2 75. Rd4+ Kc5 76. Rd1 Rg2 77. Rh1 Kb4 78.
Kd7 Rd2+ 79. Kc6 Re2 80. Kd7 Rd2+ 81. Ke8 Rg2 82. Kd7 1/2-1/2

[Event "BL 1314 Bayern München - Werder Bremen"]
[Site "?"]
[Date "2013.12.15"]
[Round "6.8"]
[White "Zwanzger, Johannes"]
[Black "Buchal, Stephan"]
[Result "1-0"]
[WhiteElo "2326"]
[BlackElo "2316"]
[PlyCount "89"]
[EventDate "2013.??.??"]

1. e4 g6 2. d4 Bg7 3. Nf3 d6 4. Bc4 e6 5. O-O Ne7 6. Qe2 Nd7 7. Nbd2 O-O 8. Rd1
b6 9. a4 a6 10. Nf1 d5 11. Bd3 c5 12. exd5 exd5 13. c3 Nc6 14. Bg5 Qc7 15. Ne3
c4 16. Bc2 Re8 17. Qd2 Qd6 18. Re1 Nf8 19. Bh4 Bb7 20. Ng4 f6 21. Nh6+ Bxh6 22.
Qxh6 Kf7 23. Bg3 Qd7 24. h4 Kg8 25. h5 Qg7 26. Qd2 Rad8 27. hxg6 hxg6 28. Qf4
b5 29. axb5 axb5 30. Nh2 g5 31. Qf3 Rxe1+ 32. Rxe1 Bc8 33. Ng4 Bxg4 34. Qxg4 b4
35. Ba4 Ne7 36. cxb4 f5 37. Qe2 Neg6 38. Be5 Qf7 39. Bc6 Ne6 40. b5 Ne7 41. Ra1
Nxc6 42. bxc6 Qe8 43. Qf3 Qxc6 44. Qxf5 Rd7 45. Ra8+ 1-0

[Event "BL 1314 SV Mülheim Nord - OSG Baden Bad"]
[Site "?"]
[Date "2013.12.15"]
[Round "6.1"]
[White "Bacrot, Etienne"]
[Black "Navara, David"]
[Result "1-0"]
[WhiteElo "2749"]
[BlackElo "2705"]
[PlyCount "41"]
[EventDate "2013.??.??"]

1. d4 Nf6 2. c4 e6 3. Nf3 b6 4. g3 Bb4+ 5. Bd2 Bxd2+ 6. Qxd2 Ba6 7. b3 d5 8.
cxd5 Ne4 9. Qe3 exd5 10. Nc3 Bb7 11. Bg2 O-O 12. Nxe4 dxe4 13. Ne5 Nc6 14. Bxe4
Nxd4 15. O-O-O Bxe4 16. Qxe4 c5 17. e3 Ne2+ 18. Kb2 Qe7 19. f4 Qe6 20. Qd3 f6
21. Nf3 1-0

[Event "BL 1314 SV Mülheim Nord - OSG Baden Bad"]
[Site "?"]
[Date "2013.12.15"]
[Round "6.4"]
[White "Landa, Konstantin"]
[Black "Kasimdzhanov, Rustam"]
[Result "1/2-1/2"]
[WhiteElo "2638"]
[BlackElo "2698"]
[PlyCount "58"]
[EventDate "2013.??.??"]

1. d4 Nf6 2. c4 g6 3. Nc3 d5 4. Nf3 Bg7 5. Bf4 O-O 6. Rc1 dxc4 7. e3 Be6 8. Ng5
Bg4 9. f3 Bc8 10. Bxc4 c6 11. O-O h6 12. Nge4 Nd5 13. Bxd5 cxd5 14. Nf2 Nc6 15.
Qb3 g5 16. Bg3 h5 17. h3 e6 18. Nb5 Bd7 19. Bc7 Qf6 20. Nd3 b6 21. Ne5 Na5 22.
Qb4 Bxb5 23. Qxb5 Qe7 24. b4 Rfc8 25. bxa5 Rxc7 26. Nd3 bxa5 27. Qxa5 Rac8 28.
Rxc7 Rxc7 29. Rc1 Rxc1+ 1/2-1/2

[Event "BL 1314 SV Mülheim Nord - OSG Baden Bad"]
[Site "?"]
[Date "2013.12.15"]
[Round "6.5"]
[White "Movsesian, Sergei"]
[Black "Fridman, Daniel"]
[Result "1/2-1/2"]
[WhiteElo "2700"]
[BlackElo "2600"]
[PlyCount "41"]
[EventDate "2013.??.??"]

1. e4 e5 2. Nf3 Nf6 3. d4 Nxe4 4. Bd3 d5 5. dxe5 Be7 6. O-O Nc5 7. Be2 O-O 8.
Be3 c6 9. c4 dxc4 10. Bxc4 Qxd1 11. Rxd1 Nbd7 12. b4 Ne6 13. a3 Nb6 14. Ba2 Nc7
15. Nc3 Be6 16. Bc5 Bxc5 17. bxc5 Nbd5 18. Nxd5 Bxd5 19. Bxd5 Nxd5 20. Rd3 Rfe8
21. g3 1/2-1/2

[Event "BL 1314 SV Mülheim Nord - OSG Baden Bad"]
[Site "?"]
[Date "2013.12.15"]
[Round "6.6"]
[White "Berelowitsch, Alexander"]
[Black "Shirov, Alexei"]
[Result "1/2-1/2"]
[WhiteElo "2542"]
[BlackElo "2695"]
[PlyCount "55"]
[EventDate "2013.??.??"]

1. e4 c5 2. c3 Nf6 3. e5 Nd5 4. d4 cxd4 5. cxd4 d6 6. Nf3 Nc6 7. Bc4 Nb6 8. Bb5
dxe5 9. Nxe5 Bd7 10. Nxd7 Qxd7 11. Nc3 e6 12. O-O Rd8 13. Be3 Be7 14. Qb3 O-O
15. Rfd1 Nd5 16. Nxd5 Qxd5 17. Qxd5 Rxd5 18. Bxc6 bxc6 19. Rdc1 Bf6 20. Rxc6
Bxd4 21. Rd1 Bxb2 22. Rxd5 exd5 23. Bxa7 h5 24. Kf1 Be5 25. Rc5 Bd4 26. Ra5
Bxa7 27. Rxa7 Rb8 28. a4 1/2-1/2

[Event "BL 1314 SV Mülheim Nord - OSG Baden Bad"]
[Site "?"]
[Date "2013.12.15"]
[Round "6.7"]
[White "Nisipeanu, Liviu-Dieter"]
[Black "Hausrath, Daniel"]
[Result "1-0"]
[WhiteElo "2682"]
[BlackElo "2533"]
[PlyCount "111"]
[EventDate "2013.??.??"]

1. e4 c6 2. d4 d5 3. Nc3 dxe4 4. Nxe4 Bf5 5. Ng3 Bg6 6. h4 h6 7. Nf3 Nd7 8. h5
Bh7 9. Bd3 Bxd3 10. Qxd3 e6 11. Bd2 Ngf6 12. O-O-O Be7 13. Qe2 O-O 14. Nf1 Ng4
15. Rh3 Bd6 16. Rh4 Ngf6 17. g4 Nh7 18. Rh3 Re8 19. Ne5 Qc7 20. f4 Rad8 21. Rd3
c5 22. g5 hxg5 23. Nxd7 Rxd7 24. fxg5 Bf4 25. g6 Nf6 26. gxf7+ Rxf7 27. Rc3
Bxd2+ 28. Nxd2 Qa5 29. Nc4 Qb5 30. Rb3 Qa6 31. Ra3 Qb5 32. Ra5 Qc6 33. Ne5 Qb6
34. Rb5 Qa6 35. Nxf7 Kxf7 36. Rg1 Re7 37. h6 gxh6 38. Qd3 Ke8 39. a3 cxd4 40.
Qg6+ Kd7 41. Re5 Nd5 42. Qg4 Qc4 43. Rd1 Kd6 44. Qe4 b5 45. Rxd4 Qf1+ 46. Rd1
Qc4 47. Qe3 Qh4 48. b4 a6 49. Rexd5+ exd5 50. Qc5+ Ke6 51. Qxd5+ Kf6 52. Rf1+
Kg7 53. Rg1+ Kf6 54. Qd6+ Kf5 55. Rf1+ Ke4 56. Qd3+ 1-0

[Event "BL 1314 SV Mülheim Nord - OSG Baden Bad"]
[Site "?"]
[Date "2013.12.15"]
[Round "6.8"]
[White "Levin, Felix"]
[Black "Meier, Georg"]
[Result "0-1"]
[WhiteElo "2486"]
[BlackElo "2623"]
[PlyCount "117"]
[EventDate "2013.??.??"]

1. d4 Nf6 2. Nf3 d5 3. c4 e6 4. Nc3 dxc4 5. e3 a6 6. a4 c5 7. Bxc4 Nc6 8. O-O
Be7 9. Qe2 O-O 10. Rd1 Qc7 11. h3 Rd8 12. d5 exd5 13. Nxd5 Nxd5 14. Rxd5 Re8
15. Rd1 Bf6 16. Qc2 Nb4 17. Qb3 Bf5 18. Ne1 Rab8 19. a5 b5 20. axb6 Rxb6 21.
Qa4 Rd8 22. Bd2 Bxb2 23. Bxb4 cxb4 24. Rxd8+ Qxd8 25. Rd1 Qb8 26. Qb3 Bf6 27.
Bxf7+ Kf8 28. Bd5 a5 29. e4 Bd7 30. Nf3 g6 31. Qe3 Kg7 32. e5 Be7 33. Nd4 a4
34. e6 Be8 35. Qe4 b3 36. Rb1 Rb4 37. Qd3 Qd6 38. Nxb3 axb3 39. Rxb3 Qe5 40.
Rxb4 Qe1+ 41. Qf1 Qxb4 42. Qa1+ Bf6 43. Qa7+ Kh6 44. Qe3+ Kg7 45. Qa7+ Kf8 46.
Qe3 Ke7 47. g3 Qa5 48. Qb3 Bd4 49. Kg2 Bb6 50. Qf3 Qc5 51. h4 h6 52. Kg1 Qd4
53. Qa3+ Bc5 54. Qf3 Kd6 55. Bb7 Kxe6 56. Qe4+ Kf6 57. Qxd4+ Bxd4 58. Kg2 Bd7
59. f4 0-1

[Event "BL 1314 SV Wattenscheid - SV Hockenheim"]
[Site "?"]
[Date "2013.12.15"]
[Round "6.3"]
[White "Baramidze, David"]
[Black "Czarnota, Pawel"]
[Result "1-0"]
[WhiteElo "2614"]
[BlackElo "2528"]
[PlyCount "83"]
[EventDate "2013.??.??"]

1. d4 d5 2. c4 c6 3. Nf3 Nf6 4. e3 Bf5 5. Nc3 e6 6. Nh4 Be4 7. f3 Bg6 8. Qb3
Qc7 9. Bd2 Be7 10. Nxg6 hxg6 11. O-O-O Nbd7 12. cxd5 cxd5 13. Kb1 O-O 14. g4 a6
15. g5 Nh5 16. e4 Nb6 17. exd5 Nxd5 18. Nxd5 exd5 19. Rc1 Qd7 20. h4 b5 21. Bh3
Qb7 22. f4 Qb6 23. Qd3 Bd6 24. Rhf1 Rae8 25. Bg2 Qb7 26. Qb3 Qb8 27. Bxd5 Bxf4
28. Bb4 Bxc1 29. Bxf7+ Rxf7 30. Qxf7+ Kh7 31. Rxc1 Rc8 32. Rxc8 Qxc8 33. a3 Qg4
34. d5 Nf4 35. Ka2 Ne2 36. Qf1 Qc4+ 37. Ka1 Qc2 38. Qb1 Qb3 39. h5 Kg8 40. d6
Nd4 41. d7 Ne6 42. Qe1 1-0

[Event "BL 1314 SV Wattenscheid - SV Hockenheim"]
[Site "?"]
[Date "2013.12.15"]
[Round "6.4"]
[White "Rustemov, Alexander"]
[Black "Wagner, Dennis"]
[Result "0-1"]
[WhiteElo "2538"]
[BlackElo "2460"]
[PlyCount "52"]
[EventDate "2013.??.??"]

1. d4 Nf6 2. c4 g6 3. Nc3 d5 4. Nf3 Bg7 5. e3 O-O 6. b4 Nc6 7. b5 Na5 8. c5 b6
9. cxb6 cxb6 10. Be2 Ne4 11. Bb2 Nc4 12. Qb3 Bf5 13. Rc1 Rc8 14. Nxe4 Bxe4 15.
Bc3 e5 16. dxe5 Nxe5 17. Nxe5 Bxe5 18. O-O d4 19. exd4 Bf4 20. Rcd1 Bxg2 21.
Kxg2 Qg5+ 22. Kf3 Bd6 23. Rfe1 Qf4+ 24. Kg2 Qxh2+ 25. Kf3 Qh3+ 26. Ke4 Rfe8+
0-1

[Event "BL 1314 SV Wattenscheid - SV Hockenheim"]
[Site "?"]
[Date "2013.12.15"]
[Round "6.5"]
[White "Ribli, Zoltan"]
[Black "Appel, Ralf"]
[Result "1/2-1/2"]
[WhiteElo "2575"]
[BlackElo "2530"]
[PlyCount "93"]
[EventDate "2013.??.??"]

1. c4 g6 2. d4 Bg7 3. Nf3 d6 4. Nc3 Bg4 5. g3 Bxf3 6. exf3 e6 7. d5 exd5 8.
cxd5 Nd7 9. Bh3 Ne7 10. O-O O-O 11. Be3 Nf6 12. Rc1 c6 13. dxc6 bxc6 14. Qd2 d5
15. Na4 Nd7 16. Rfd1 Nb6 17. Qc2 d4 18. Bg5 Nbd5 19. Nc5 Qd6 20. Nb3 h6 21. Bd2
Rab8 22. Be1 Nb4 23. Qb1 Rfd8 24. Rc4 Na6 25. Ba5 Re8 26. Bd2 Qd5 27. Ra4 Nc5
28. Ra5 Rb5 29. Rxb5 cxb5 30. Nxc5 Qxc5 31. Re1 Rd8 32. Qe4 Nf5 33. Rc1 Qb6 34.
Bxf5 gxf5 35. Qxf5 d3 36. Rc5 a6 37. b4 Qd6 38. Kg2 Bd4 39. Qg4+ Kf8 40. Rc8
Rxc8 41. Qxc8+ Kg7 42. Qg4+ Kf8 43. Qe4 Be5 44. Be3 Kg7 45. Bc5 Qe6 46. f4 d2
47. Qd3 1/2-1/2

[Event "BL 1314 SV Wattenscheid - SV Hockenheim"]
[Site "?"]
[Date "2013.12.15"]
[Round "6.6"]
[White "Handke, Florian"]
[Black "Banusz, Tamas"]
[Result "1-0"]
[WhiteElo "2541"]
[BlackElo "2593"]
[PlyCount "91"]
[EventDate "2013.??.??"]

1. d4 d5 2. c4 c6 3. Nf3 Nf6 4. Qb3 dxc4 5. Qxc4 Bg4 6. Nc3 Nbd7 7. e4 Bxf3 8.
gxf3 e5 9. Be3 exd4 10. Bxd4 Bd6 11. O-O-O Qc7 12. Ne2 O-O 13. Qc2 Rad8 14. Be3
Rfe8 15. Kb1 Nf8 16. h4 Nh5 17. Nd4 Be5 18. Bc4 Rd7 19. Nf5 Red8 20. Rdg1 Ne6
21. Nh6+ Kf8 22. Bxe6 fxe6 23. Ng4 g6 24. Qc5+ Bd6 25. Qc4 Re8 26. Rd1 b5 27.
Qc3 e5 28. Rd2 Red8 29. Rhd1 Be7 30. Bh6+ Ke8 31. Rxd7 Rxd7 32. Rxd7 Qxd7 33.
Nxe5 Qd1+ 34. Bc1 c5 35. Qa5 Bxh4 36. Qxb5+ Ke7 37. Qxc5+ Ke6 38. Nc6 Bf6 39.
Qc4+ Kd7 40. Nxa7 Qxf3 41. Qf7+ Kd8 42. Qd5+ Ke8 43. Nb5 Qxf2 44. a4 Qe1 45. a5
Nf4 46. Qc6+ 1-0

[Event "BL 1314 SV Wattenscheid - SV Hockenheim"]
[Site "?"]
[Date "2013.12.15"]
[Round "6.7"]
[White "Rau, Hannes"]
[Black "Hirneise, Tobias"]
[Result "0-1"]
[WhiteElo "2460"]
[BlackElo "2440"]
[PlyCount "82"]
[EventDate "2013.??.??"]

1. c4 Nf6 2. Nc3 c5 3. g3 g6 4. Bg2 Bg7 5. e3 O-O 6. d4 d6 7. Nge2 Nc6 8. O-O
Bg4 9. h3 cxd4 10. exd4 Bxe2 11. Nxe2 d5 12. cxd5 Nxd5 13. Nc3 Nxc3 14. bxc3
Rc8 15. Ba3 Qd7 16. Re1 Rfe8 17. Qa4 e6 18. Rab1 b6 19. Bf1 Bf8 20. Bc1 Red8
21. Bb5 Qc7 22. Ba6 Rb8 23. Be3 Bd6 24. Kh2 Ne7 25. Bd2 Nf5 26. Rg1 h5 27. Bd3
h4 28. Bxf5 exf5 29. d5 hxg3+ 30. fxg3 Re8 31. Rbe1 Rxe1 32. Bxe1 b5 33. Qc2
Re8 34. Qd3 Qc5 35. Qd2 Qc4 36. Rg2 Qf1 37. Bf2 Re2 38. Qd4 Be5 39. Qxa7 f4 40.
Qa8+ Kg7 41. d6 Rxf2 0-1

[Event "BL 1314 SV Wattenscheid - SV Hockenheim"]
[Site "?"]
[Date "2013.12.15"]
[Round "6.8"]
[White "Dinstuhl, Volkmar"]
[Black "Boguslavskyy, Oleg"]
[Result "1-0"]
[WhiteElo "2407"]
[BlackElo "2442"]
[PlyCount "65"]
[EventDate "2013.??.??"]

1. Nf3 Nf6 2. c4 e6 3. Nc3 Bb4 4. g3 b6 5. Bg2 Bb7 6. O-O O-O 7. Qb3 c5 8. d3
Nc6 9. a3 Ba5 10. e4 d6 11. h3 Nd7 12. Be3 Nde5 13. Ne2 Nxf3+ 14. Bxf3 e5 15.
Bg2 a6 16. f4 Nd4 17. Qd1 b5 18. fxe5 dxe5 19. Nc3 Rb8 20. Rb1 bxc4 21. dxc4
Bc6 22. Nd5 Bxd5 23. exd5 Qd6 24. Kh1 Bc7 25. Bg1 a5 26. b3 Qg6 27. g4 f5 28.
b4 fxg4 29. bxc5 Nf5 30. Rxf5 Rxb1 31. Qxb1 Rxf5 32. d6 Bd8 33. c6 1-0

[Event "BL 1314 Turm Emsdetten - SC Viernheim"]
[Site "?"]
[Date "2013.12.15"]
[Round "6.1"]
[White "Maze, Sebastien"]
[Black "Swiercz, Dariusz"]
[Result "1-0"]
[WhiteElo "539"]
[BlackElo "637"]
[PlyCount "103"]
[EventDate "2013.??.??"]

1. e4 c5 2. Nf3 e6 3. c4 Nc6 4. Nc3 Qb6 5. Be2 Nf6 6. O-O Be7 7. a3 O-O 8. b4
d6 9. Rb1 Qc7 10. d4 cxd4 11. Nxd4 Nxd4 12. Qxd4 b6 13. Bb2 Bb7 14. Rbc1 Rfd8
15. Rfd1 Rac8 16. f3 Qb8 17. Qe3 Bc6 18. Bf1 Nd7 19. Ne2 Bf8 20. Nd4 Bb7 21.
Rc2 Ne5 22. Rdc1 Re8 23. Nb3 Nd7 24. Qd2 Bc6 25. Nd4 Bb7 26. Nb5 a6 27. Nd4 Rc7
28. Nb3 Bc6 29. Nd4 Bb7 30. Nb3 Rec8 31. Bd4 Bc6 32. Rc3 Ba4 33. Bf2 Ne5 34.
Nd4 Bd7 35. Qe3 Be7 36. Nb3 b5 37. c5 a5 38. cxd6 Bxd6 39. Rxc7 Bxc7 40. Nc5
axb4 41. f4 Nc4 42. Nxd7 Bxf4 43. Nxb8 Bxe3 44. Bxe3 Rxb8 45. Bxc4 bxc4 46. Bf4
e5 47. Bxe5 Re8 48. Rxc4 bxa3 49. Ra4 f5 50. Bc3 fxe4 51. Rxa3 e3 52. Be1 1-0

[Event "BL 1314 Turm Emsdetten - SC Viernheim"]
[Site "?"]
[Date "2013.12.15"]
[Round "6.2"]
[White "Mchedlishvili, Mikheil"]
[Black "Abergel, Thal"]
[Result "1-0"]
[WhiteElo "649"]
[BlackElo "434"]
[PlyCount "85"]
[EventDate "2013.??.??"]

1. d4 d5 2. c4 dxc4 3. Nf3 Nf6 4. Nc3 a6 5. e4 b5 6. e5 Nd5 7. a4 Nb6 8. Ng5 f6
9. Nge4 b4 10. a5 Nd5 11. Na4 f5 12. Ng5 e6 13. Bxc4 Nc6 14. O-O Nxa5 15. Ba2
Nb7 16. Bd2 Be7 17. Qh5+ g6 18. Qh6 Bf8 19. Qh3 Be7 20. Rfc1 Bxg5 21. Bxg5 Qxg5
22. Bxd5 exd5 23. Rxc7 Rb8 24. Qb3 Qd8 25. Rac1 Na5 26. Qh3 Bd7 27. Qh6 Rb7 28.
Rxb7 Nxb7 29. Qg7 Rf8 30. e6 Nd6 31. exd7+ Qxd7 32. Qe5+ Kf7 33. Nc5 Qe7 34.
Qxd5+ Kf6 35. Qe5+ Kf7 36. Qd5+ Kf6 37. Nxa6 Rc8 38. Nc5 Rd8 39. Qc6 Kg5 40.
Qb6 Rc8 41. Qxb4 Qe2 42. Re1 Rb8 43. Qc3 1-0

[Event "BL 1314 Turm Emsdetten - SC Viernheim"]
[Site "?"]
[Date "2013.12.15"]
[Round "6.3"]
[White "Libiszewski, Fabien"]
[Black "Ipatov, Alexander"]
[Result "0-1"]
[WhiteElo "535"]
[BlackElo "635"]
[PlyCount "60"]
[EventDate "2013.??.??"]

1. c4 f5 2. g3 Nf6 3. Nc3 g6 4. Bg2 Bg7 5. d4 O-O 6. Nf3 d6 7. O-O c6 8. Rb1
Ne4 9. Qb3 Qb6 10. Qc2 Nxc3 11. bxc3 Qc7 12. Re1 c5 13. d5 Nd7 14. Ng5 Nf6 15.
Ne6 Bxe6 16. dxe6 Rab8 17. Bg5 Qc8 18. Bxf6 Bxf6 19. e4 f4 20. gxf4 Bg7 21. e5
dxe5 22. fxe5 Kh8 23. Bd5 Rf5 24. Qe4 Bxe5 25. Rxb7 Rxb7 26. Bxb7 Qf8 27. Re3
Qf6 28. Bd5 Qg5+ 29. Kf1 Bxh2 30. Ke2 Bf4 0-1

[Event "BL 1314 Turm Emsdetten - SC Viernheim"]
[Site "?"]
[Date "2013.12.15"]
[Round "6.4"]
[White "Grandelius, Nils"]
[Black "Beikert, Guenther"]
[Result "1-0"]
[WhiteElo "576"]
[BlackElo "424"]
[PlyCount "119"]
[EventDate "2013.??.??"]

1. d4 d5 2. c4 c6 3. Nc3 Nf6 4. Nf3 a6 5. e3 b5 6. b3 Bg4 7. Bd2 Nbd7 8. h3
Bxf3 9. Qxf3 b4 10. Na4 e5 11. cxd5 cxd5 12. dxe5 Nxe5 13. Qf4 Bd6 14. Qd4 O-O
15. Be2 Nc6 16. Qb6 Qxb6 17. Nxb6 Rab8 18. Na4 a5 19. O-O Ne4 20. Rfd1 d4 21.
Rac1 Ne7 22. Rc4 Be5 23. exd4 Nxd2 24. Rxd2 Rbd8 25. Rd1 Bf6 26. Bf3 Nd5 27.
Kf1 g6 28. Rd2 Rfe8 29. g3 Rd6 30. Rc5 Nc3 31. d5 Nxa4 32. bxa4 Ra8 33. Rc6 Be7
34. Bd1 Rad8 35. Rc5 Rb6 36. Rb5 Rxb5 37. axb5 Rd6 38. Bb3 Bf6 39. Rc2 Bc3 40.
Ke2 a4 41. Bxa4 Rxd5 42. b6 Rd8 43. b7 Rb8 44. Bc6 Kf8 45. Rc1 Ke7 46. Rd1 Be5
47. Rd5 Ke6 48. Kd3 h5 49. h4 Bc7 50. Kc4 Bd6 51. Rd2 Ke7 52. Kb5 Rd8 53. Bg2
f5 54. Kc6 Bb8 55. Rxd8 Kxd8 56. f4 Ke8 57. Bd5 Ke7 58. Bg8 Kf8 59. Bh7 Kg7 60.
Kd7 1-0

[Event "BL 1314 Turm Emsdetten - SC Viernheim"]
[Site "?"]
[Date "2013.12.15"]
[Round "6.5"]
[White "Meinhardt, Maximilian"]
[Black "Yilmaz, Mustafa"]
[Result "0-1"]
[WhiteElo "396"]
[BlackElo "577"]
[PlyCount "88"]
[EventDate "2013.??.??"]

1. e4 c5 2. Nf3 d6 3. d4 cxd4 4. Nxd4 Nf6 5. Nc3 a6 6. Bc4 e6 7. Bb3 Nbd7 8.
Bg5 Nc5 9. O-O Be7 10. Re1 O-O 11. f4 Bd7 12. e5 dxe5 13. fxe5 Nd5 14. Bxe7
Nxe7 15. Ne4 Qb6 16. Kh1 Rad8 17. Nxc5 Qxc5 18. c3 Nf5 19. Nxf5 exf5 20. Qd6
Qc8 21. Qe7 Be6 22. Bxe6 Qxe6 23. Qxe6 fxe6 24. Rad1 Kf7 25. c4 Ke7 26. Kg1
Rxd1 27. Rxd1 Rc8 28. b3 b5 29. cxb5 axb5 30. Rd2 Rc5 31. Re2 Kd7 32. Kf2 g5
33. Rd2+ Kc7 34. Re2 b4 35. g4 f4 36. h4 h6 37. Re4 Rc2+ 38. Kf3 Rxa2 39. hxg5
hxg5 40. Rxb4 Rc2 41. Rb5 Kc6 42. Rb8 Kd5 43. Rg8 Rc3+ 44. Kf2 Kxe5 0-1

[Event "BL 1314 Turm Emsdetten - SC Viernheim"]
[Site "?"]
[Date "2013.12.15"]
[Round "6.6"]
[White "Pruijssers, Roeland"]
[Black "Mandel, Andreas"]
[Result "1/2-1/2"]
[WhiteElo "539"]
[BlackElo "404"]
[PlyCount "75"]
[EventDate "2013.??.??"]

1. e4 c5 2. Nf3 d6 3. d4 cxd4 4. Nxd4 Nf6 5. Nc3 Nc6 6. Bg5 e6 7. Qd2 a6 8.
O-O-O Nxd4 9. Qxd4 Be7 10. f4 b5 11. Bxf6 gxf6 12. Kb1 Qc7 13. Qd3 Bb7 14. f5
Qc5 15. fxe6 fxe6 16. Qh3 Qe5 17. Bd3 Bc6 18. Rhe1 Bd7 19. g3 h5 20. Qf1 Kf7
21. Ne2 h4 22. Nf4 hxg3 23. hxg3 Rag8 24. Re3 Bc6 25. Qe1 Bd8 26. Rf3 Bb6 27.
Qe2 Rh6 28. Rdf1 Rgh8 29. Qe1 Rh2 30. g4 R8h6 31. Qg3 Ke8 32. g5 Qxg5 33. Nxe6
Qxg3 34. Rxg3 Rh1 35. Rgf3 Rxf1+ 36. Rxf1 Kf7 37. Nf4 Bd4 38. Nd5 1/2-1/2

[Event "BL 1314 Turm Emsdetten - SC Viernheim"]
[Site "?"]
[Date "2013.12.15"]
[Round "6.7"]
[White "Jacob, Volker"]
[Black "Hector, Jonny"]
[Result "0-1"]
[WhiteElo "270"]
[BlackElo "509"]
[PlyCount "58"]
[EventDate "2013.??.??"]

1. d4 d5 2. c4 c6 3. Nc3 Nf6 4. e3 Bf5 5. Nf3 e6 6. Nh4 Be4 7. f3 Bg6 8. Bd2
Bh5 9. Qb3 b6 10. O-O-O Be7 11. g4 Bg6 12. g5 Nfd7 13. Nxg6 hxg6 14. f4 dxc4
15. Bxc4 b5 16. Bd3 Nc5 17. Qc2 Nxd3+ 18. Qxd3 Nd7 19. Kb1 Nb6 20. Qc2 a5 21.
e4 Qd7 22. h4 a4 23. d5 b4 24. dxe6 Qxe6 25. f5 Qc4 26. fxg6 bxc3 27. Bxc3 fxg6
28. e5 Qe6 29. Bd4 Nd5 0-1

[Event "BL 1314 Turm Emsdetten - SC Viernheim"]
[Site "?"]
[Date "2013.12.15"]
[Round "6.8"]
[White "Janssen, Ruud"]
[Black "Tresch, Ralf"]
[Result "1-0"]
[WhiteElo "474"]
[BlackElo "203"]
[PlyCount "77"]
[EventDate "2013.??.??"]

1. c4 e5 2. g3 Nc6 3. Nc3 g6 4. Bg2 Bg7 5. e4 d6 6. Nge2 Nge7 7. d3 O-O 8. O-O
f5 9. Nd5 Nxd5 10. exd5 Nd4 11. Nxd4 exd4 12. Qb3 f4 13. Bxf4 Rxf4 14. gxf4 Qh4
15. Rae1 Bh3 16. Bxh3 Qxh3 17. f3 Bh6 18. Re4 Rf8 19. Qc2 Bxf4 20. Qg2 Be3+ 21.
Kh1 Qd7 22. b3 Rf5 23. a4 Kg7 24. Qg4 Qd8 25. b4 b6 26. Qh4 Bg5 27. Qh3 Be3 28.
Rh4 h5 29. Re4 Qd7 30. b5 Kh6 31. Qh4 Bg5 32. Qg3 Be3 33. Qh4 Bg5 34. Qg3 Be3
35. f4 Qf7 36. Qg5+ Rxg5 37. fxg5+ Kg7 38. Rxf7+ Kxf7 39. h4 1-0

[Event "BL 1314 SF Katernberg - SV Griesheim"]
[Site "?"]
[Date "2013.12.15"]
[Round "6.1"]
[White "Piorun, Kacper"]
[Black "Volokitin, Andrei"]
[Result "1/2-1/2"]
[WhiteElo "560"]
[BlackElo "678"]
[PlyCount "60"]
[EventDate "2013.??.??"]

1. Nf3 Nf6 2. c4 g6 3. Nc3 d5 4. cxd5 Nxd5 5. d3 Bg7 6. Bd2 c5 7. g3 b6 8. Qa4+
Bd7 9. Qh4 Bc6 10. Bg2 O-O 11. O-O e5 12. Ng5 h6 13. Nxd5 Bxd5 14. Bxd5 Qxd5
15. Nf3 Qd8 16. Qe4 Nd7 17. b4 Re8 18. Rad1 Rc8 19. Qc4 Qc7 20. b5 Nf8 21. e4
Ne6 22. Be3 Qd7 23. Nd2 Red8 24. Nb1 Nd4 25. Nc3 Qg4 26. Nd5 Nf3+ 27. Kg2 Nh4+
28. Kg1 Nf3+ 29. Kg2 Nh4+ 30. Kg1 Nf3+ 1/2-1/2

[Event "BL 1314 SF Katernberg - SV Griesheim"]
[Site "?"]
[Date "2013.12.15"]
[Round "6.2"]
[White "Kryvoruchko, Yuriy"]
[Black "Tazbir, Marcin"]
[Result "1-0"]
[WhiteElo "701"]
[BlackElo "543"]
[PlyCount "57"]
[EventDate "2013.??.??"]

1. e4 c5 2. Nf3 d6 3. d4 cxd4 4. Nxd4 Nf6 5. Nc3 a6 6. Be3 e5 7. Nb3 Be6 8. h3
Nbd7 9. g4 Rc8 10. Qd2 b5 11. O-O-O Qc7 12. Kb1 Nb6 13. g5 Nfd7 14. f4 g6 15.
h4 h5 16. gxh6 Na4 17. Nd5 Bxd5 18. exd5 Bxh6 19. Bh3 Kf8 20. Rh2 Re8 21. f5
Bxe3 22. Qxe3 gxf5 23. Bxf5 Nf6 24. Rf2 Qb6 25. Qf3 Rh6 26. h5 Ke7 27. Bg6 fxg6
28. Qxf6+ Kd7 29. Qg7+ 1-0

[Event "BL 1314 SF Katernberg - SV Griesheim"]
[Site "?"]
[Date "2013.12.15"]
[Round "6.4"]
[White "Firman, Nazar"]
[Black "Grabarczyk, Miroslaw"]
[Result "1-0"]
[WhiteElo "533"]
[BlackElo "470"]
[PlyCount "105"]
[EventDate "2013.??.??"]

1. e4 e5 2. Nf3 Nf6 3. Nxe5 d6 4. Nf3 Nxe4 5. Nc3 Nf6 6. d4 Be7 7. Bd3 O-O 8.
h3 Re8 9. O-O Nbd7 10. Bf4 c6 11. Re1 d5 12. Qd2 Nf8 13. Bh2 Bb4 14. Rxe8 Nxe8
15. Re1 Bd6 16. Ne2 Bxh2+ 17. Kxh2 Nd6 18. Ng3 f6 19. b3 Be6 20. Qc1 Qa5 21. c4
Qxa2 22. c5 Ne4 23. Nxe4 dxe4 24. Rxe4 Qxb3 25. Rxe6 Qxd3 26. Re7 Qb3 27. Nh4
Qd5 28. Qf4 Kh8 29. Nf5 Ng6 30. Qg4 Rg8 31. Rxb7 a5 32. Nd6 f5 33. Nxf5 Rf8 34.
Nh4 a4 35. Nxg6+ hxg6 36. Qxg6 Qxd4 37. Ra7 Kg8 38. f3 Qe5+ 39. Qg3 Qd4 40. Qg6
Qe5+ 41. Qg3 Qa1 42. Qd6 a3 43. Qe6+ Kh8 44. Ra4 Rf6 45. Qe4 Rf8 46. Qe7 Rf6
47. Qd8+ Kh7 48. Qd3+ Kg8 49. Ra8+ Kf7 50. Qc4+ Kg6 51. Qe4+ Rf5 52. Re8 Kf7
53. Qe6# 1-0

[Event "BL 1314 SF Katernberg - SV Griesheim"]
[Site "?"]
[Date "2013.12.15"]
[Round "6.5"]
[White "Farago, Ivan"]
[Black "Siebrecht, Sebastian"]
[Result "1/2-1/2"]
[WhiteElo "476"]
[BlackElo "508"]
[PlyCount "40"]
[EventDate "2013.??.??"]

1. d4 Nf6 2. c4 e6 3. Nf3 Bb4+ 4. Nbd2 b6 5. a3 Bxd2+ 6. Qxd2 Bb7 7. e3 O-O 8.
Be2 d6 9. O-O Nbd7 10. b4 Qe7 11. Bb2 Ne4 12. Qc2 c5 13. Nd2 Nxd2 14. Qxd2 Nf6
15. dxc5 dxc5 16. Qc3 Rfd8 17. Rfd1 Ne8 18. Rxd8 Rxd8 19. Rd1 Rxd1+ 20. Bxd1
Qd6 1/2-1/2